Представление документа в формате RUSMARC

ПолеНазваниеЗначение
  Тип записи a
  Библиографический уровень a
001 Контрольный номер RU/УОНБ/EK_Kray/441551541
005 Дата корректировки 20240131004818.5
100 Данные общей обработки __
a Данные общей обработки 20131228d2013 ||| 0rusy0189 ca
101 Язык документа 0_
a Язык текста rus
102 Страна публикации __
a Страна публикации RU
105 Кодированные данные (монография) __
a Кодированные данные (монография) y###||||000|y
200 Заглавие и сведения об ответственности 1_
a Заглавие Четыре пятилетки СИГМА-СИ
e Сведения, относящиеся к заглавию деятельность компании-"долгожителя" - больше, чем бизнес
215 Физическое описание __
c Иллюстрации/тип воспроизводства 4 фот.
225 Серия __
a Серия Реклама
330 Аннотация __
a Аннотация 20 лет компании СИГМА-СИ - поставщика техники, оборудования и инструмента.
461 Уровень набора _0
1 2000
a Аргументы и факты в Ульяновске
1 011
463 Уровень физической единицы _0
1 001RU/УОНБ/EK_Kray/441548688
1 2000
a 18-24 сент
v С. 14-15
1 210
d 2013
601 Наименование организации как предмет 02
a Наименование организации как предмет "СИГМА-Си", группа компаний
610 Ключевые слова 0_
a Ключевые слова юбилей компании
610 Ключевые слова 0_
a Ключевые слова оборудование
686 Индексы других классификаций __
a Классификационный индекс 65.630.109.2
2 Код системы rubbk
801 Источник записи _0
a Страна RU
b Организация Ульяновская ОНБ
c Дата составления 20131228
g Правила каталогизации RCR
801 Источник записи _1
a Страна RU
b Организация Ульяновская ОНБ
c Дата составления 20131228
g Правила каталогизации RCR
901 Тип документа __
t Тип документа b
w Контрольный № источника RU/УОНБ/EK_Kray/441548688
909 Создатель записи __
a Создатель записи Кучерова
938 Служебная информация __
a Имя БД kraeved_work
b Имя библиотеки УОНБ
c Имя АИБС МАРК-SQL
d Номер DOC_ID в БД 100320